| 000 | 01299nam0a22002891 4500 | ||
|---|---|---|---|
| 001 | rc\4638850 | ||
| 005 | 20130416201159.1 | ||
| 021 |
_aRU _b[63-12193ж] |
||
| 035 | _a(NLR Aleph) 008684089 | ||
| 090 |
_a9197316 _c9197316 |
||
| 100 | _a20130416d1963 |||y0rusy50 ca | ||
| 101 | 0 | _arus | |
| 102 | _aRU | ||
| 105 | _aac z ||||| | ||
| 200 | 1 |
_aВасилий Слепцов. Неизвестные страницы _f[Ред. С.А. Макашин _gВступ. статья К.И. Чуковского] _g[Акад. наук СССР. Ин-т мировой литературы им. А.М. Горького] |
|
| 210 |
_aМосква _cИзд-во Акад. наук СССР _d1963 |
||
| 215 |
_a547 с., 1 л. портр. _cил. _d27 |
||
| 225 | 1 |
_aЛитературное наследство _fРед. И.И. Анисимов (гл. ред.) [и др.] _vТ. 71 |
|
| 606 |
_aРусская литература _z19 в. _2psbo |
||
| 702 | 1 |
_aЧуковский _bК. И. _f1882-1969 _gКорней Иванович _3RU\NLR\AUTH\771522 _4080 |
|
| 702 | 1 |
_aМакашин _bС. А. _gСергей Александрович _4340 |
|
| 702 | 1 |
_aСлепцов _bВ. _gВасилий _4570 |
|
| 801 | 0 |
_aRU _bNLR _gpsbo |
|
| 801 | 1 |
_aRU _bELAR _2rusmarc |
|
| 852 |
_aNLR _jП35/7 |
||
| 942 | _cBOOK | ||
| 980 | _aNB | ||